[Event "Canadian op U2200"]
[Site "Sault Ste Marie"]
[Date "2017.07.15"]
[Round "8"]
[White "Atanasov, Anthony"]
[Black "Piccinin, Mario"]
[Result "1-0"]
[WhiteElo "1823"]
[BlackElo "1826"]
[PlyCount "125"]
[EventDate "2017.07.11"]
[EventType "swiss"]
[EventRounds "9"]
[EventCountry "CAN"]
[SourceTitle "EXT 2022"]
[Source "ChessBase"]
[SourceDate "2021.10.06"]
[SourceVersion "1"]
[SourceVersionDate "2021.10.06"]
[SourceQuality "1"]

1. d4 f5 2. g3 e6 3. Nf3 Nf6 4. Bg2 Be7 5. 0-0 0-0 6. c4 d6 7. Nc3 Nc6 8. d5 Ne5 9. Nd4 Nxc4 10. Nxe6 Bxe6 11. dxe6 c6 12. Qd3 d5 13. Qxf5 Bc5 14. Bg5 Ne4 15. Bxe4 Rxf5 16. Bxd8 dxe4 17. e7 Re5 18. b3 Nb6 19. Rad1 Kf7 20. Kg2 Bxe7 21. Bxe7 Kxe7 22. Rd4 h6 23. Rxe4 Rxe4 24. Nxe4 Nd5 25. h4 Rd8 26. Rc1 Nb4 27. a3 Rd4 28. Nc5 b6 29. axb4 bxc5 30. Rxc5 Rxb4 31. Rxc6 a5 32. Rc5 a4 33. bxa4 Rxa4 34. Rc7+ Kf6 35. Kf3 h5 36. Rc6+ Kf5 37. Rc5+ Kg6 38. e4 Kh6 39. Kf4 g6 40. f3 Ra1 41. Rc4 Rg1 42. e5 Kg7 43. g4 hxg4 44. fxg4 Kh6 45. Rc3 Rf1+ 46. Rf3 Rh1 47. e6 Kg7 48. Kg5 Re1 49. Rf7+ Kg8 50. Kxg6 Rxe6+ 51. Rf6 Re4 52. Kg5 Kg7 53. Rf5 Ra4 54. Rb5 Ra7 55. h5 Kh7 56. h6 Rc7 57. Kh5 Ra7 58. g5 Ra8 59. Rf5 Rb8 60. g6+ Kh8 61. h7 Kg7 62. Rf7+ Kh8 63. Kh6 1-0

[Event "Canadian op U2000"]
[Site "Windsor"]
[Date "2016.07.10"]
[Round "1.37"]
[White "Piccinin, Mario"]
[Black "Li, Eric M"]
[Result "1-0"]
[WhiteElo "1694"]
[BlackElo "1658"]
[PlyCount "57"]
[EventDate "2016.07.10"]
[EventType "swiss"]
[EventRounds "9"]
[EventCountry "CAN"]
[SourceTitle "EXT 2022"]
[Source "ChessBase"]
[SourceDate "2021.10.06"]
[SourceVersion "1"]
[SourceVersionDate "2021.10.06"]
[SourceQuality "1"]

1. f4 c5 2. Nf3 g6 3. d3 Bg7 4. e3 Nc6 5. Be2 Nf6 6. 0-0 0-0 7. e4 d6 8. c3 Rb8 9. a4 b6 10. Qe1 a6 11. Ng5 b5 12. axb5 axb5 13. f5 Qb6 14. Qh4 Ne5 15. Be3 h6 16. Nh3 Kh7 17. Nd2 Bd7 18. d4 cxd4 19. Bxd4 Qc7 20. Ra7 Rb7 21. Rfa1 Nc6 22. Rxb7 Qxb7 23. Be3 Ra8 24. Rf1 Ne5 25. Nf3 Nxf3+ 26. Bxf3 Bc6 27. Bd4 Nxe4 28. fxg6+ Kh8 29. Qxh6+ 1-0

[Event "CAN-ch"]
[Site "Guelph"]
[Date "2015.07.10"]
[Round "1"]
[White "Piccinin, Mario"]
[Black "Vettese, Nicholas"]
[Result "0-1"]
[WhiteElo "1810"]
[BlackElo "2181"]
[PlyCount "82"]
[EventDate "2015.07.10"]
[EventType "swiss"]
[EventRounds "9"]
[EventCountry "CAN"]
[SourceTitle "CBM 167 Extra"]
[Source "ChessBase"]
[SourceDate "2015.09.14"]
[SourceVersion "1"]
[SourceVersionDate "2015.09.14"]
[SourceQuality "1"]

1. f4 c5 2. Nf3 Nf6 3. d3 d5 4. g3 Nc6 5. Bg2 e6 6. 0-0 Bd6 7. Nc3 d4 8. Ne4 Nxe4 9. dxe4 e5 10. f5 f6 11. a3 b5 12. g4 h6 13. Nh4 Ne7 14. h3 Bb7 15. Qd3 c4 16. Qf3 Qb6 17. Kh1 a5 18. c3 Bc5 19. Bd2 Nc8 20. Ng6 Rg8 21. g5 hxg5 22. Qh5 Kd7 23. Bxg5 fxg5 24. Nxe5+ Kc7 25. Qxg5 dxc3 26. bxc3 Qf6 27. Qxf6 gxf6 28. Ng4 Rxg4 29. hxg4 Nd6 30. Bf3 Nxe4 31. Kg2 Nxc3 32. Bxb7 Kxb7 33. Kf3 Re8 34. g5 fxg5 35. Rfe1 Re3+ 36. Kg4 Rxe2 37. Rxe2 Nxe2 38. Kxg5 c3 39. Ra2 Nd4 40. Ra1 c2 41. f6 Nb3 0-1